1674 1806 1431 1481 1783 1613 1291 1473 1718 1851 1435 1488 1448 1668 1012 1443 1792 1953 1242 1780 1055 1235 1971 1460 1700 1188 1566 1678 1540 1829 1999 1239 1521 1012 1625 1788 1183 1026 1732 1842 1798 1567 1706 1378 1591 1798 1479 1379 1229 1762 1183 1535 1572 1520 1049 1736 1392 1211 1548 1342 1796 1728 1177 1274 1499 1262 1585 1049 1359 1461 1932 1255 1500 1421 1055 1186 1904 1126 1021 1489 1436 1204 1548 1178 1824 1315 1837 1079 1036 1383 1264 1943 1483 1250 1468 1026 1490 1925 1484 BCNSPRNW ULIB Ver.6.0+V

เปลี่ยนเป็นภาษาไทย

Change to English
 แสดงรายละเอียดบรรณานุกรม
  กลับหน้าหลัก

Brief Record : Get Marc (ISO 2709) : E-mail record : QR code < ปิดหน้าต่าง
LEADER : 00000nam 2200000uu 4500
001    13399126151
003     ULIB
008    180613s2559||||th 000 0 tha d
020    ^a9786165470803
040    ^absc
050  4 ^aPE1128^bส779c
100 0  ^aสุทิน พูลสวัสดิ์
245 10 ^aCU-TEP listening :^bภาษาอังกฤษเข้าจุฬาลงกรณ์มหาวิทยาลัย /^cSutinPoolsawad
246 30 ^aภาษาอังกฤษเข้าจุฬาลงกรณ์มหาวิทยาลัย
250    ^aพิมพ์ครั้งที่ 4
260    ^aกรุงเทพฯ :^bศูนย์หนังสือ ที.จี.อาร์.อี,^c2559
300    ^a246 หน้า ;^c26 ซม. +^eซีดี-รอม 1 แผ่น
610 24 ^aจุฬาลงกรณ์มหาวิทยาลัย^xการสอบคัดเลือก^xข้อสอบและเฉลย
650  0 ^aEnglish language^xUsage
650  0 ^aEnglish language^xExaminations
650  0 ^aEnglish language^vTextbooks for foreign speakers
650  4 ^aภาษาอังกฤษ^xการใช้ภาษา
650  4 ^aภาษาอังกฤษ^xการสอบ
650  4 ^aภาษาอังกฤษ^vตำราสำหรับชนต่างชาติ
700 0  ^aSutin Poolsawad
910    ^aSend to UC
945    ^p415^l0^i004794
945    ^p415^l0^i004245
999    ^aประนอม เกษจรัล
รายการนี้ยังไม่มีแท็ก
คุณยังไม่ได้ล็อกอิน คุณสามารถมีกิจกรรมร่วมกับเว็บไซต์ได้ แต่ต้องล็อกอินก่อน ::
  ล็อกอิน

รายการสื่อสารสนเทศ

ลำดับที่ ประเภท เลขเรียก/บาร์โค้ด สถานที่ สถานะ
1. วิทยาศาสตร์การแพทย์ และสุขภาพ
หนังสือสำรอง
สถานะ=หนังสือสำรอง
PE1128 ส779c ฉ.1 
  Barcode: 004245
ห้องสมุดวิทยาเขตนครสวรรค์
►นวนิยาย:l:Fiction
บนชั้น
2. การศึกษาทั่วไป
การศึกษาทั่วไป
PE1128 ส779c ฉ.2 
  Barcode: 004794
ห้องสมุดวิทยาเขตสวรรค์ประชารักษ์
►หนังสือทั่วไป
บนชั้น

รายการใกล้เคียง
    ผู้แต่ง [สุทิน พูลสวัสดิ์]

    หัวเรื่อง [ภาษาอังกฤษ การใช้ภาษา]

BibComment


ยังไม่เคยถูกคอมเมนท์

คอมเมนท์ทรัพยากรรายการนี้
  คอมเมนท์: CUTEP listening ..


 Copyright 2026. Bcnsprnw @Library